000 00363nam a2200133 4500
005 20260530113901.0
100 1 _aAlcomex
_932330
245 1 0 _aAlcomex • Catálogo de Línea Arquitectónica en Alumnio
264 1 _bALCOMEX SA de CV
_c1988
300 _a90 páginas
336 _atexto
_2rdacontent
337 _asin medio
_2rdamedia
338 _avolumen
_2rdacarrier
999 _c11794
_d11794